Structural-phase state and mechanical properties of submicrocrystalline titanium alloy Ti-6Al-4V obtained with use of reversible hydrogen alloying; Bulletin of the Tomsk Polytechnic University; Vol. 311, № 2

Détails bibliographiques
Parent link:Bulletin of the Tomsk Polytechnic University/ Tomsk Polytechnic University (TPU).— , 2006-2007
Vol. 311, № 2.— 2007.— [P. 102-107]
Auteur principal: Grabovetskaya G. P. Galina Petrovna
Autres auteurs: Melnikova E. N., Chernov I. P. Ivan Petrovich, Мельникова Е. Н. Екатерина Николаевна
Résumé:Заглавие с титульного листа
Электронная версия печатной публикации
Features of evolution of structural-phase state of titanium alloy Ti-6Al-4V at the process of submicrocrystalline structure formation using reversible hydrogen alloying have been investigated by methods of electron microscopic and X-ray diffraction analyses. Influence of hydrogen alloying on mechanical properties at stretching of submicrocrystalline titanium alloy Ti-6Al-4V in temperature interval of 293...1023 K was studied. Possible reasons of increase in ultimate and yield strength and reduction of deformation to destruction of submicrocrystalline alloy Ti-6Al-4V in temperature interval 873...1023 K at hydrogen alloying in quantity 0,08...0,33 mas. % were discussed
Langue:anglais
Publié: 2007
Collection:Mathematics and mechanics.Physics
Sujets:
Accès en ligne:http://www.lib.tpu.ru/fulltext/v/Bulletin_TPU/2007/v311eng/i2/26.pdf
Format: Électronique Chapitre de livre
KOHA link:https://koha.lib.tpu.ru/cgi-bin/koha/opac-detail.pl?biblionumber=182763

MARC

LEADER 00000nla2a2200000 4500
001 182763
005 20240208144354.0
035 |a (RuTPU)RU\TPU\book\198113 
035 |a RU\TPU\book\198112 
090 |a 182763 
100 |a 20100624d2007 k y0rusy50 ca 
101 1 |a eng  |c rus 
102 |a RU 
135 |a drnn ---uucaa 
200 1 |a Structural-phase state and mechanical properties of submicrocrystalline titanium alloy Ti-6Al-4V obtained with use of reversible hydrogen alloying  |f G. P. Grabovetskaya, E. N. Melnikova, I. P. Chernov 
203 |a Text  |c electronic 
215 |a 1 файл (2.3 Мб) 
225 1 |a Mathematics and mechanics.Physics 
300 |a Заглавие с титульного листа 
300 |a Электронная версия печатной публикации 
320 |a [Bibliography: p. 107 (10 titles)] 
330 |a Features of evolution of structural-phase state of titanium alloy Ti-6Al-4V at the process of submicrocrystalline structure formation using reversible hydrogen alloying have been investigated by methods of electron microscopic and X-ray diffraction analyses. Influence of hydrogen alloying on mechanical properties at stretching of submicrocrystalline titanium alloy Ti-6Al-4V in temperature interval of 293...1023 K was studied. Possible reasons of increase in ultimate and yield strength and reduction of deformation to destruction of submicrocrystalline alloy Ti-6Al-4V in temperature interval 873...1023 K at hydrogen alloying in quantity 0,08...0,33 mas. % were discussed 
337 |a Adobe Reader 
461 1 |0 (RuTPU)RU\TPU\book\169973  |t Bulletin of the Tomsk Polytechnic University  |f Tomsk Polytechnic University (TPU)  |d 2006-2007 
463 1 |0 (RuTPU)RU\TPU\book\197892  |x 1684-8519  |t Vol. 311, № 2  |v [P. 102-107]  |d 2007  |p 153 p. 
610 1 |a structural-phase states 
610 1 |a mechanical properties 
610 1 |a titanium alloys 
610 1 |a submicrocrystalline alloys 
610 1 |a hydrogen 
610 1 |a electron microscopic analyses 
610 1 |a X-ray diffraction analyses 
610 1 |a temperature 
610 1 |a труды учёных ТПУ 
610 1 |a электронный ресурс 
675 |a 669.295:539.25:539.382  |v 3 
700 1 |a Grabovetskaya  |b G. P.  |g Galina Petrovna 
701 1 |a Melnikova  |b E. N. 
701 1 |a Chernov  |b I. P.  |c Doctor of Physical and Mathematical Sciences (DSc), Professor of the Department of General Physics of Tomsk Polytechnic University (TPU)  |f 1935-  |g Ivan Petrovich  |3 (RuTPU)RU\TPU\pers\30202  |9 14596 
701 1 |a Мельникова  |b Е. Н.  |c специалист в области наноструктурных материалов  |c аспирант Томского политехнического университета  |f 1981-  |g Екатерина Николаевна  |3 (RuTPU)RU\TPU\pers\25468  |9 11407 
801 1 |a RU  |b 63413507  |c 20090623  |g PSBO 
801 2 |a RU  |b 63413507  |c 20160202  |g PSBO 
856 4 |u http://www.lib.tpu.ru/fulltext/v/Bulletin_TPU/2007/v311eng/i2/26.pdf 
942 |c CF